The entrepreneurship : new venture creation

Salvato in:
Dettagli Bibliografici
Autore principale: Holt David
Natura: Libro
Pubblicazione: New Delhi : Prentice-hall, c2006..
Soggetti:
Tags: Aggiungi Tag
Nessun Tag, puoi essere il primo ad aggiungerne!!

MARC

LEADER 00000cam a2200000 i 4500
020 |a 9788120312814  |c TZS 15,699.50 
040 |a MUL  |b eng.  |e AACR 
082 0 0 |a 338.04 HOL 
100 1 |a Holt David 
245 1 4 |a The entrepreneurship :  |b new venture creation  |c / David Holt H. 
260 |a New Delhi :  |b Prentice-hall,  |c c2006.. 
300 |a xix, 552 p. :  |b ill. ;  |c 24 cm. 
504 |a Includes index. 
546 |a eng 
650 0 |a Entrepreneurship. 
942 |c BK 
999 |c 9597  |d 9597